Seeking the Bomb : Strategies of Nuclear Proliferation /

Bibliographic Details
Main Author: Narang, Vipin (Author)
Corporate Author: JSTOR (Organization)
Format: eBook
Language:English
Published: Princeton, New Jersey : Princeton University Press, [2022]
Series:Princeton studies in international history and politics.
Subjects:
Online Access:Connect to the full text of this electronic book

MARC

Tag First Indicator Second Indicator Subfields
LEADER 00000nam a22000001i 4500
001 in00005650113
003 OCoLC
006 m |o d |
007 cr |n|||||||||
008 220125s2022 njua ob 001 0 eng d
005 20250816191059.0
020 |a 9780691223063 (electronic bk.) 
020 |a 0691223068 (electronic bk.) 
020 |z 9780691172620 
020 |z 0691172625 
020 |z 9780691172613 
020 |z 0691172617 
024 8 |a 90102046516 
035 |a (OCoLC)1286428089 
040 |a NhCcYBP  |b eng  |e rda  |e pn  |c NhCcYBP 
050 4 |a JZ5675  |b .N37 2022 
082 0 4 |a 327.1/747  |2 23 
082 0 4 |a 320 
100 1 |a Narang, Vipin,  |e author. 
245 1 0 |a Seeking the Bomb :  |b Strategies of Nuclear Proliferation /  |c Vipin Narang. 
264 1 |a Princeton, New Jersey :  |b Princeton University Press,  |c [2022] 
300 |a 1 online resource (xii, 381 volume) :  |b illustrations (black and white. 
336 |a text  |b txt  |2 rdacontent 
337 |a computer  |b c  |2 rdamedia 
338 |a online resource  |b cr  |2 rdacarrier 
341 0 |a textual  |2 sapdv  |3 JSTOR 
490 1 |a Princeton Studies in International History and Politics ;  |v [189] 
504 |a Includes bibliographical references and index. 
532 0 |3 JSTOR  |a "We apply WCAG and Section 508 standards to improve the user experience for everyone...The target for JSTOR is WCAG 2.2 Level AA." Source: https://about.jstor.org/accessibility/. Last accessed April 22, 2025. 
588 |a Description based on print version record. 
650 0 |a Nuclear nonproliferation. 
650 0 |a Nuclear weapons. 
650 0 |a Nuclear arms control. 
650 7 |a Nuclear nonproliferation.  |2 fast  |0 (OCoLC)fst01040376 
655 7 |a Electronic books.  |2 local 
710 2 |a JSTOR (Organization) 
776 1 8 |c Original  |z 9780691172620  |z 0691172625  |z 9780691172613  |z 0691172617  |w (OCoLC)1246624617 
830 0 |a Princeton studies in international history and politics. 
856 4 0 |u http://proxy.library.tamu.edu/login?url=https://www.jstor.org/stable/10.2307/j.ctv1t8q8rn  |z Connect to the full text of this electronic book  |t 0 
945 |b 448716 
955 |a YBP purchased firm e-records 
980 |b usergen  |c 90102046516  |g 565752  |k USD  |m 112.97  |q 1  |s AcqMono Conventional  |t Purchase at vendor system  |u Vendor order reference number  |v ZYBP  |y grad - electronic  |z Electronic resource 
999 f f |i f59208a6-7b29-4e88-82c8-7537a59d3273  |s 8cafad42-36dd-4efe-8cf7-56d6803eee64  |t 0 
952 f f |a Texas A&M University  |b College Station  |c Electronic Resources  |d Available Online  |t 0  |e JZ5675 .N37 2022  |h Library of Congress classification 
998 f f |a JZ5675 .N37 2022  |t 0  |l Available Online